000 00932nam a2200265Ia 4500
003 OSt
005 20220923230003.0
006 a|||||r|||| 00| 0
007 ta
008 220922b |||||||| |||| 00| 0 san d
024 _a276,539
037 _cTextual
040 _aARTS
_cARTS
_bsan
041 _2san
_asan
082 _aO15,2D98:g, 152L9
100 _aमालवीय, सुधाकर, संपा.
245 0 _aदशरूपकम्
246 _aDasharūpakam
260 _aवाराणसी
_b चौखम्बा अमरभारती प्रकाशन
_c1979
300 _a369पृ0
_ccm.
490 _aचौखम्बा अमरभारती ग्रन्थमाला
650 _aसंस्कृत साहित्य
942 _hO15,2D98:g, 152L9
_cTEXL
_2CC
999 _c381786
_d381786